Biofertilizers in Indian agriculture: An annotated bibliography 1906-84. (Record no. 39669)

MARC details
000 -LEADER
fixed length control field 00321nam a2200109Ia 4500
082 ## - DEWEY DECIMAL CLASSIFICATION NUMBER
Classification number 631.8(540):016
Item number SOM
100 ## - MAIN ENTRY--AUTHOR NAME
Personal name SOMANI, L L
245 #0 - TITLE STATEMENT
Title Biofertilizers in Indian agriculture: An annotated bibliography 1906-84.
260 ## - PUBLICATION, DISTRIBUTION, ETC. (IMPRINT)
Place of publication Delhi
Name of publisher Concept Pub
Year of publication 1987
942 ## - ADDED ENTRY ELEMENTS (KOHA)
Koha item type Books
Holdings
Withdrawn status Lost status Damaged status Not for loan Home library Current library Date acquired Full call number Accession Number Koha item type
        RRII Library RRII Library 16/12/2021 631.8(540):016 SOM 19999 Books